000 01139nam0a22003251 4500
001 rc\2367663
005 20250623083427.0
035 _a(NLR Aleph) 006686478
090 _a5118390
_c5118390
100 _a20110829d1976 |||y0rusy50 ca
101 0 _arus
102 _aRU
105 _aa z |||||
200 1 _aПавел Бажов
_fМихаил Батин
205 _aПерераб. и доп. изд.
210 _aМосква
_cСовременник
_d1976
215 _a262 с.
_cил.
_d22
225 1 _aБиблиотека "Любителям российской словесности"
300 _aНа пер. авт. не указан
320 _aСписок лит. в примеч.: с. 252-261
600 1 _aБажов
_bП.П.
_gПавел Петрович
_2rkp
606 _aРусская советская литература
_2rkp
700 1 _aБатин
_bМ.А.
_f1910-1982
_gМихаил Адрианович
801 0 _aRU
_bNLR
_gpsbo
801 1 _aRU
_bELAR
_2rusmarc
852 _aNLR
_j77-5/3276
899 _aRuMoRGB
_jБ 77-7/67
899 _aRuMoRGB
_jБ 77-7/68
942 _cBOOK
980 _aNB